| 000 | 00584nam a22001577a 4500 | ||
|---|---|---|---|
| 020 | _qHard Cover. | ||
| 082 | _a621.3 | ||
| 100 | _aHussain, Muddassar | ||
| 245 |
_aDetection of Motor Movement Intention From Movement Related Cortical Potential for Brain-Computer Interface Application / _cMuddassar Hussain |
||
| 260 |
_aIslamabad : _bCEME - NUST, _c2018. |
||
| 300 |
_ax, 45 p. : ill. ; _c30cm. |
||
| 650 |
_aElectrical Engineering-MS-Thesis _916073 |
||
| 700 |
_aDr. Syed Muhammad Tahir Zaidi _918632 |
||
| 942 |
_2ddc _cTHE |
||
| 999 |
_c540438 _d540438 |
||